Direct broadcast satellite communications: An MPEG enabled service (Record no. 168104)

MARC details
000 -LEADER
fixed length control field 00471nam a2200157Ia 4500
008 - FIXED-LENGTH DATA ELEMENTS--GENERAL INFORMATION
fixed length control field 231217s9999 xx 000 0 und d
041 ## - LANGUAGE CODE
Language code of text/sound track or separate title English
082 ## - DEWEY DECIMAL CLASSIFICATION NUMBER
Classification number 621.380422 MEA;1 `R'
100 ## - MAIN ENTRY--PERSONAL NAME
Personal name Mead, Donald C
245 #0 - TITLE STATEMENT
Title Direct broadcast satellite communications: An MPEG enabled service
260 ## - PUBLICATION, DISTRIBUTION, ETC.
Date of publication, distribution, etc. 2000
Name of publisher, distributor, etc. PH.N.Jersey
300 ## - PHYSICAL DESCRIPTION
Extent xv+300
400 ## - SERIES STATEMENT/ADDED ENTRY--PERSONAL NAME [OBSOLETE, CAN/MARC], [LOCAL, USA]
Personal name Addison-wesley wireless communications series
650 ## - SUBJECT ADDED ENTRY--TOPICAL TERM
Topical term or geographic name entry element Satellite communications,MPEG
942 ## - ADDED ENTRY ELEMENTS (KOHA)
Koha item type Books
Holdings
Date last seen Total checkouts Full call number Accession number Uniform resource identifier Cost, total (INR) price Price effective from Category Lost status Damaged status Department Withdrawn status Home library Current library Shelving location Entry date Vendor Cost, normal purchase price Grants Billnumber Billdate Currency symbol Conversion rate Discount Old discount
26/01/2024   621.380422 MEA;1 `R' 18237 digital/contents/18237.pdf 3047.25 26/01/2024 Books     Central Library   Central Library Central Library Central Library 05/10/2001 Ell Enn books 3585.00 EC ONV/000049 22/01/2003 RS 1 537.75 15

© For any Suggestions or Query, please contact the library staff @ librarian@pes.edu or Phone: +9180 2672 1983/ 2108.